[Event "57th ch-RUS Qualifier"]
[Site "Tomsk RUS"]
[Date "2004.05.23"]
[Round "1"]
[White "Novikov,Ma"]
[Black "Sorokin,M"]
[Result "1-0"]
[WhiteElo "2426"]
[BlackElo "2583"]
[EventDate "2004.05.23"]

1. e4 c5 2. Nf3 d6 3. c3 Nf6 4. Qc2 Qc7 5. Bc4 Bg4 6. d4 e6 7. Be3 Nbd7 8.
Nbd2 Bxf3 9. gxf3 g6 10. O-O-O cxd4 11. Bxd4 Bh6 12. Be3 Bxe3 13. fxe3 Rb8
14. Bb5 Ke7 15. Nc4 Rhd8 16. Qe2 Nc5 17. Nd2 a6 18. Bd3 b5 19. Kb1 d5 20.
exd5 Nxd5 21. Be4 b4 22. cxb4 Nxb4 23. Nc4 Na4 24. Rxd8 Qxd8 25. Rc1 Kf8
26. Qd1 Qxd1 27. Rxd1 Nd5 28. Ka1 Rb4 29. Bd3 f5 30. e4 Nf4 31. Bf1 Ke7 32.
exf5 gxf5 33. Rd2 Rb8 34. Rd4 Nd5 35. b3 Nc5 36. Rh4 Nf6 37. Kb2 Rg8 38.
Kc3 Rg1 39. Nd2 e5 40. b4 Ne6 41. Bxa6 Nf4 42. Bc4 h5 43. a4 Nd7 44. a5 Nf8
45. a6 N8g6 46. Nf1 Nxh4 47. a7 Rxf1 48. a8=Q Rxf3+ 49. Kb2 e4 50. Qa7+ Kf6
51. b5 Nhg2 52. Qd4+ Kg5 53. b6 Ne3 54. b7 Nxc4+ 55. Qxc4 Nd3+ 56. Ka2 Rf2+
57. Ka3 Rb2 58. Qg8+ Kf6 59. Qh8+ 1-0

[Event "57th ch-RUS Qualifier"]
[Site "Tomsk RUS"]
[Date "2004.05.23"]
[Round "1"]
[White "Kosyrev,V"]
[Black "Galkin,A"]
[Result "1/2-1/2"]
[WhiteElo "2529"]
[BlackElo "2602"]
[EventDate "2004.05.23"]

1. d4 d5 2. c4 e6 3. Nf3 c6 4. Nbd2 f5 5. g3 Nf6 6. Bg2 Bd6 7. O-O O-O 8.
b3 Qe7 9. Ne5 Ne4 10. Ndf3 b6 11. Nd3 Bb7 12. Bf4 1/2-1/2

[Event "57th ch-RUS Qualifier"]
[Site "Tomsk RUS"]
[Date "2004.05.23"]
[Round "1"]
[White "Yandemirov,V"]
[Black "Inarkiev,E"]
[Result "1/2-1/2"]
[WhiteElo "2494"]
[BlackElo "2595"]
[EventDate "2004.05.23"]

1. e4 e5 2. Nf3 Nc6 3. Bb5 a6 4. Bxc6 dxc6 5. Nc3 f6 6. d4 exd4 7. Nxd4 c5
8. Nde2 Qxd1+ 9. Nxd1 Be6 10. Bf4 O-O-O 11. Ne3 c4 12. Rd1 Rxd1+ 13. Nxd1
Ne7 14. Nd4 Bf7 15. Ne3 Ng6 16. Bg3 Bc5 17. Ndf5 Re8 18. f3 Bf8 19. Kf2 Ne5
20. Rd1 g6 21. Nd4 Bc5 22. Bxe5 fxe5 23. Ne2 b5 24. c3 c6 25. h4 h5 26. Ng1
Kc7 27. Nh3 a5 28. Ng5 Bg8 29. a3 b4 30. axb4 axb4 31. Ke2 Ra8 32. g3 Bd6
33. Rd2 Ra1 34. Nd1 Rc1 35. Ke3 Bc5+ 36. Ke2 Bd6 37. Ke3 Bc5+ 38. Ke2 Bd6
1/2-1/2

[Event "57th ch-RUS Qualifier"]
[Site "Tomsk RUS"]
[Date "2004.05.23"]
[Round "1"]
[White "Timofeev,Ar"]
[Black "Loskutov,O"]
[Result "1-0"]
[WhiteElo "2591"]
[BlackElo "2433"]
[EventDate "2004.05.23"]

1. e4 c5 2. Nf3 d6 3. d4 cxd4 4. Nxd4 Nf6 5. Nc3 a6 6. Be2 e5 7. Nb3 Be7 8.
O-O O-O 9. Kh1 Bd7 10. Be3 Bc6 11. f3 d5 12. exd5 Nxd5 13. Nxd5 Bxd5 14.
Qe1 Qc7 15. c4 Be6 16. Qg3 f5 17. f4 Nc6 18. Nc5 Bxc5 19. Bxc5 Rf7 20. Qe3
Re8 21. Rad1 exf4 22. Qxf4 Qxf4 23. Rxf4 Rd7 24. Rxd7 Bxd7 25. Rf2 Ne5 26.
h3 Rc8 27. Bd4 Nxc4 28. Bf3 Nd6 29. Bd5+ Kf8 30. Be5 Nc4 31. Bc3 b5 32.
Bb4+ Ke8 33. Re2+ Kd8 34. b3 Nb6 35. Bg8 h6 36. Ba5 Rc6 37. Bd5 Rd6 38. Bb7
Kc7 39. Bxa6 Kb8 40. Re7 1-0

[Event "57th ch-RUS Qualifier"]
[Site "Tomsk RUS"]
[Date "2004.05.23"]
[Round "1"]
[White "Kobalia,M"]
[Black "Belozerov,A"]
[Result "1/2-1/2"]
[WhiteElo "2630"]
[BlackElo "2552"]
[EventDate "2004.05.23"]

1. e4 e5 2. Nf3 Nc6 3. Bb5 Nf6 4. O-O Bc5 5. Nxe5 Nxe5 6. d4 a6 7. Ba4 b5
8. dxe5 Nxe4 9. Qg4 Bb7 10. Bb3 Qe7 11. Nc3 Nxc3 12. bxc3 O-O-O 13. Bg5
1/2-1/2

[Event "57th ch-RUS Qualifier"]
[Site "Tomsk RUS"]
[Date "2004.05.23"]
[Round "1"]
[White "Yagupov,I"]
[Black "Rustemov,A"]
[Result "1/2-1/2"]
[WhiteElo "2441"]
[BlackElo "2593"]
[EventDate "2004.05.23"]

1. e4 e6 2. d4 d5 3. Nc3 Bb4 4. e5 Ne7 5. a3 Bxc3+ 6. bxc3 b6 7. Qg4 Ng6 8.
h4 h5 9. Qd1 Ba6 10. Bxa6 Nxa6 11. Bg5 f6 12. Qd3 Kf7 13. Rh3 Nb8 14. Kf1
Nd7 15. Re1 Qe7 16. Rf3 c5 17. c4 cxd4 18. exf6 gxf6 19. cxd5 e5 20. c3
dxc3 21. Qxc3 Rac8 22. Qd3 Kg7 23. Bd2 Nc5 24. Qf5 Nxh4 25. Rg3+ Kf7 26.
Qh3 Ng6 27. Qf5 Rcg8 28. Nf3 Qd7 29. Rxe5 Qxf5 30. Rxf5 Ne7 31. Ne5+ Ke8
32. Rxg8+ Rxg8 33. Rxf6 Ne4 34. Re6 Nxd2+ 35. Ke1 Nb1 1/2-1/2

[Event "57th ch-RUS Qualifier"]
[Site "Tomsk RUS"]
[Date "2004.05.23"]
[Round "1"]
[White "Jakovenko,D"]
[Black "Yudin,S"]
[Result "1-0"]
[WhiteElo "2582"]
[BlackElo "2425"]
[EventDate "2004.05.23"]

1. e4 c5 2. Nf3 e6 3. b3 d5 4. exd5 exd5 5. Bb5+ Bd7 6. Bxd7+ Nxd7 7. O-O
Be7 8. Re1 Ngf6 9. Qe2 Kf8 10. Bb2 Ne8 11. d4 Bf6 12. Na3 g6 13. c4 dxc4
14. Nxc4 Kg7 15. dxc5 Nxc5 16. Rad1 Qc7 17. Ne3 Qc6 18. Nd5 Rd8 19. Nxf6
Nxf6 20. Qe7 Rxd1 21. Rxd1 Nce4 22. Ne5 Qe6 23. Qxe6 1-0

[Event "57th ch-RUS Qualifier"]
[Site "Tomsk RUS"]
[Date "2004.05.23"]
[Round "1"]
[White "Ulibin,M"]
[Black "Gajsin,E"]
[Result "1-0"]
[WhiteElo "2579"]
[BlackElo "2404"]
[EventDate "2004.05.23"]

1. e4 c5 2. Nf3 d6 3. Bb5+ Nd7 4. d4 Ngf6 5. Nc3 cxd4 6. Qxd4 e5 7. Qd3 h6
8. a4 a6 9. Bc4 Nc5 10. Qe2 Bg4 11. h3 Bh5 12. O-O Be7 13. Rd1 Qc8 14. Nd5
Ncxe4 15. Nb6 Qc6 16. Nxa8 O-O 17. Bd5 Nc3 18. bxc3 Nxd5 19. Rxd5 Qxd5 20.
Nb6 Qc6 21. a5 e4 22. g4 Bg6 23. Bd2 exf3 24. Qxe7 f5 25. g5 Re8 26. Qd7
Re2 27. Qxc6 bxc6 28. Rd1 hxg5 29. Bxg5 d5 30. c4 1-0

[Event "57th ch-RUS Qualifier"]
[Site "Tomsk RUS"]
[Date "2004.05.24"]
[Round "2"]
[White "Loskutov,O"]
[Black "Dvoirys,S"]
[Result "1/2-1/2"]
[WhiteElo "2433"]
[BlackElo "2612"]
[EventDate "2004.05.23"]

1. e4 c5 2. Nf3 d6 3. d4 cxd4 4. Nxd4 Nf6 5. Nc3 a6 6. Be2 e5 7. Nb3 Be7 8.
O-O Be6 9. a4 Nbd7 10. a5 Rc8 11. Bf3 Nc5 12. Nxc5 Rxc5 13. Be3 Rxa5 14.
Na4 Rb5 15. b3 d5 16. exd5 Nxd5 17. Bd2 Nb4 18. c4 Ra5 19. Qe1 Nc2 20. Bxa5
Nxe1 21. Bxd8 Nxf3+ 22. gxf3 Kxd8 23. Rfe1 Bd6 24. c5 Bc7 25. c6 bxc6 26.
Nc5 Bd5 27. Rxa6 Ke7 28. f4 Kd6 29. Nb7+ Ke6 30. fxe5 Rb8 31. Nc5+ Kf5 32.
Ra7 Bb6 33. Rb7 Rxb7 34. Nxb7 Bd4 35. Nd6+ Kf4 36. Nc4 c5 37. Re2 h5 38.
Rd2 Be6 39. Ra2 Bxe5 40. Nxe5 Kxe5 41. Ra5 Kd6 42. Rb5 1/2-1/2

[Event "57th ch-RUS Qualifier"]
[Site "Tomsk RUS"]
[Date "2004.05.24"]
[Round "2"]
[White "Sorokin,M"]
[Black "Yudin,S"]
[Result "1-0"]
[WhiteElo "2583"]
[BlackElo "2425"]
[EventDate "2004.05.23"]

1. Nf3 d5 2. d4 e6 3. c4 c6 4. Qc2 Nf6 5. Bg5 dxc4 6. Qxc4 b5 7. Qd3 Bb7 8.
g3 Nbd7 9. Bg2 a6 10. a4 Qb6 11. O-O c5 12. axb5 axb5 13. Rxa8+ Bxa8 14.
dxc5 Bxc5 15. Nc3 Bc6 16. Bxf6 Nxf6 17. Ne5 Bxg2 18. Kxg2 b4 19. Qb5+ Qxb5
20. Nxb5 Ke7 21. Rc1 Rc8 22. Nd3 Nd7 23. Nxb4 Kd8 24. Nd3 Rb8 25. Nxc5 Rxb5
26. Nd3 Ne5 27. Nxe5 Rxe5 28. Kf3 Rb5 29. Rc2 Kd7 30. Ke4 g5 31. Kd3 Kd6
32. Kc4 Rd5 33. Kb4 Rd1 34. f3 Rh1 35. e3 Re1 36. f4 g4 37. Ka5 Rxe3 38. b4
f5 39. b5 Ra3+ 40. Kb4 Ra1 41. b6 h5 42. Kb5 Rb1+ 43. Ka6 Ra1+ 44. Kb7 e5
45. fxe5+ Kxe5 46. Kc6 Ke4 47. b7 Rb1 48. Rc5 1-0

[Event "57th ch-RUS Qualifier"]
[Site "Tomsk RUS"]
[Date "2004.05.24"]
[Round "2"]
[White "Shariyazdanov,A"]
[Black "Kobalia,M"]
[Result "1/2-1/2"]
[WhiteElo "2575"]
[BlackElo "2630"]
[EventDate "2004.05.23"]

1. c4 Nf6 2. Nc3 e5 3. g3 Bb4 4. Nf3 Nc6 5. Bg2 O-O 6. O-O Re8 7. d3 h6 8.
Nd5 Bc5 9. Nxf6+ Qxf6 10. Nd2 Qg6 11. Ne4 d6 12. a3 a6 13. Nxc5 dxc5 14.
Be3 Nd4 15. b4 Qd6 16. Rb1 Rb8 17. Qd2 b6 18. Rfe1 Bg4 19. Rb2 Rbd8 20.
bxc5 bxc5 21. Bxd4 exd4 22. Bf3 Bd7 1/2-1/2

[Event "57th ch-RUS Qualifier"]
[Site "Tomsk RUS"]
[Date "2004.05.24"]
[Round "2"]
[White "Filippov,Va"]
[Black "Vorobiov,E"]
[Result "1/2-1/2"]
[WhiteElo "2639"]
[BlackElo "2552"]
[EventDate "2004.05.23"]

1. c4 c5 2. Nc3 g6 3. g3 Bg7 4. Bg2 Nc6 5. a3 e6 6. b4 cxb4 7. axb4 Nge7 8.
b5 Ne5 9. c5 d5 10. cxd6 Qxd6 11. Nf3 Nxf3+ 12. Bxf3 O-O 13. Ba3 Qd8 14.
O-O Re8 15. Bc5 Nd5 16. Bxa7 b6 17. Ra4 Bb7 18. Nxd5 exd5 19. d4 h5 20. e3
Bf8 21. Qb3 Qd6 22. Rfa1 Be7 23. Bxb6 Rxa4 24. Rxa4 Qxb6 25. Bxd5 Bxd5 26.
Qxd5 Rd8 27. Qc6 Qxc6 28. bxc6 Rc8 29. d5 Bd6 30. Kg2 f5 31. Ra7 Rc7 32.
Ra8+ Kf7 33. Kf3 Kf6 34. Ke2 Ke5 35. Ra5 g5 36. Kd3 g4 37. Kc4 Rc8 38. Ra7
Rb8 39. Rh7 Rb2 40. Rxh5 Rxf2 41. e4 Rf1 42. Rxf5+ 1/2-1/2

[Event "57th ch-RUS Qualifier"]
[Site "Tomsk RUS"]
[Date "2004.05.24"]
[Round "2"]
[White "Iskusnyh,S"]
[Black "Gajsin,E"]
[Result "0-1"]
[WhiteElo "2507"]
[BlackElo "2404"]
[EventDate "2004.05.23"]

1. d4 Nf6 2. c4 g6 3. g3 c5 4. d5 b5 5. Bg2 d6 6. cxb5 a6 7. bxa6 Bg7 8.
Nf3 O-O 9. O-O Nxa6 10. Nc3 Bf5 11. Bd2 Ne4 12. Nxe4 Bxe4 13. Bc3 Bxc3 14.
bxc3 Qa5 15. Qd2 Nc7 16. Qe3 Bxd5 17. Qxe7 Nb5 18. c4 Bxc4 19. Qh4 Bxe2 20.
Ng5 h5 21. Rfe1 Nd4 22. Qf4 Rae8 23. Ne4 Re6 24. Rab1 Bd3 25. Rbc1 Bxe4 26.
Rxe4 Ne2+ 27. Rxe2 Rxe2 28. Qxd6 Rd8 29. Qxc5 Qxc5 0-1

[Event "57th ch-RUS Qualifier"]
[Site "Tomsk RUS"]
[Date "2004.05.24"]
[Round "2"]
[White "Inarkiev,E"]
[Black "Yagupov,I"]
[Result "1-0"]
[WhiteElo "2595"]
[BlackElo "2441"]
[EventDate "2004.05.23"]

1. e4 c5 2. Nf3 Nc6 3. d4 cxd4 4. Nxd4 Nf6 5. Nc3 e5 6. Ndb5 d6 7. Bg5 a6
8. Na3 b5 9. Bxf6 gxf6 10. Nd5 Bg7 11. Bd3 Ne7 12. Nxe7 Qxe7 13. O-O O-O
14. c3 f5 15. Nc2 f4 16. a4 bxa4 17. Nb4 Kh8 18. Rxa4 Rg8 19. Qh5 Be6 20.
Rfa1 Bf8 21. h3 Rg5 22. Qf3 Qd7 23. Kh2 Be7 24. Rxa6 Rag8 25. Ra8 Bd8 26.
Bf1 Bb6 27. R1a6 Qb7 28. Rxg8+ Rxg8 29. Nd5 Bxd5 30. exd5 Ra8 31. Rxa8+
Qxa8 32. Bd3 Qa7 33. g3 fxg3+ 34. Kxg3 Qa1 35. Kg2 Kg7 36. Qg4+ Kf8 37.
Qc8+ Kg7 38. Qg4+ Kf8 39. Qd7 Qxb2 40. Qxd6+ Kg8 41. Qb8+ Kg7 42. Qxe5+ Kg8
43. Qg3+ Kh8 44. Qh4 Kg7 45. Qxh7+ Kf8 46. Qh8+ Ke7 47. Qe5+ Kf8 48. Qf6
Ba5 49. Bg6 Qb7 50. Qh8+ Ke7 51. Bxf7 Qc7 52. Qe8+ Kf6 53. Qe6+ Kg7 54.
Qg6+ Kf8 55. Qg8+ Ke7 56. c4 Qf4 57. Qe8+ Kf6 58. Bh5 Qxc4 59. Qe6+ Kg5 60.
Qg6+ Kh4 61. Bf3 1-0

[Event "57th ch-RUS Qualifier"]
[Site "Tomsk RUS"]
[Date "2004.05.24"]
[Round "2"]
[White "Rustemov,A"]
[Black "Frolov,D"]
[Result "1/2-1/2"]
[WhiteElo "2593"]
[BlackElo "2401"]
[EventDate "2004.05.23"]

1. d4 d5 2. c4 c6 3. Nc3 Nf6 4. e3 a6 5. Nf3 b5 6. b3 Bf5 7. Ne5 h6 8. g4
Bh7 9. Bg2 e6 10. Bb2 Nfd7 11. Nd3 bxc4 12. bxc4 dxc4 13. Nf4 Bd6 14. Nce2
O-O 15. O-O Qc7 16. Rc1 Nb6 17. Qd2 N8d7 18. h3 Nf6 19. Rfd1 a5 20. Ng3
Rfd8 21. Nfh5 Nxh5 22. Nxh5 Bg6 23. Qe2 a4 24. Qf3 Rac8 25. Bf1 Rb8 26. Ba1
Ba3 27. Rc3 Bb4 28. Rcc1 Ba3 29. Rc3 1/2-1/2

[Event "57th ch-RUS Qualifier"]
[Site "Tomsk RUS"]
[Date "2004.05.24"]
[Round "2"]
[White "Ulibin,M"]
[Black "Smirnov,P"]
[Result "1/2-1/2"]
[WhiteElo "2579"]
[BlackElo "2601"]
[EventDate "2004.05.23"]

1. d4 d5 2. c4 c6 3. Nf3 Nf6 4. Nc3 dxc4 5. a4 Bf5 6. e3 e6 7. Bxc4 Bb4 8.
O-O O-O 9. Nh4 Nbd7 10. Nxf5 exf5 11. Qc2 Nb6 12. Bb3 Qd7 13. a5 Nbd5 14.
f3 Rfe8 15. Nxd5 Nxd5 16. e4 Nf6 17. Qc4 Bf8 18. Bg5 fxe4 19. fxe4 Rxe4 20.
Bxf6 gxf6 21. Rxf6 Bg7 22. Qxf7+ Qxf7 23. Rxf7 Bxd4+ 24. Kh1 Rae8 25. Raf1
Kh8 26. Rxb7 Re1 27. Bc4 Rxf1+ 28. Bxf1 Re1 29. Rf7 Bxb2 30. g3 Ra1 31. a6
Bd4 32. Kg2 Ra2+ 33. Kh3 Rf2 34. Rd7 Rxf1 35. Rxd4 c5 36. Rd7 c4 37. Rxa7
Ra1 38. Kg4 c3 39. Rc7 Rxa6 40. Rxc3 Kg7 41. h4 Ra4+ 42. Kf5 Ra5+ 43. Ke4
1/2-1/2

[Event "57th ch-RUS Qualifier"]
[Site "Tomsk RUS"]
[Date "2004.05.24"]
[Round "2"]
[White "Khismatullin,D"]
[Black "Timofeev,Ar"]
[Result "0-1"]
[WhiteElo "2537"]
[BlackElo "2591"]
[EventDate "2004.05.23"]

1. d4 Nf6 2. c4 g6 3. f3 d5 4. cxd5 Nxd5 5. e4 Nb6 6. Nc3 Bg7 7. Be3 O-O 8.
Qd2 Nc6 9. O-O-O e5 10. d5 Nd4 11. f4 c5 12. fxe5 Bg4 13. Re1 Bxe5 14. h3
Qh4 15. Bd3 Rac8 16. Rf1 f5 17. Bg5 Qh5 18. hxg4 Qxh1 19. exf5 Qh2 20. Nh3
Qg3 21. Bf4 Bxf4 22. Rxf4 Nd7 23. Ne4 Qh2 24. f6 Ne5 25. Bf1 Qh1 26. d6 b5
27. b3 Nf7 28. Kb2 Rcd8 29. Qc1 Ne6 30. Rf2 Nxd6 31. Neg5 Qh2 32. Qe3 Nxg5
33. g3 Qh1 34. Nxg5 Nf7 35. Nxf7 Rxf7 36. Bxb5 Qd5 37. g5 Rb7 38. Qc3 Kf8
39. Bc4 Qd4 40. Re2 Rbd7 41. Re5 Qf2+ 42. Ka3 Rd2 43. Ka4 Rxa2+ 44. Kb5 Qg2
45. Re7 Rb8+ 46. Kxc5 Rc8+ 47. Kd4 Rd2+ 48. Ke3 Qf2+ 49. Ke4 Qf5+ 50. Ke3
Qxg5+ 51. Kf3 Qf5+ 52. Ke3 Qf2+ 53. Ke4 Re2+ 0-1

[Event "57th ch-RUS Qualifier"]
[Site "Tomsk RUS"]
[Date "2004.05.24"]
[Round "2"]
[White "Lastin,A"]
[Black "Kosyrev,V"]
[Result "1/2-1/2"]
[WhiteElo "2622"]
[BlackElo "2529"]
[EventDate "2004.05.23"]

1. d4 d5 2. c4 e6 3. Nf3 Nf6 4. g3 dxc4 5. Bg2 a6 6. Ne5 c5 7. Be3 Nd5 8.
dxc5 Nxe3 9. Qxd8+ Kxd8 10. fxe3 Ke8 11. Nd2 Bxc5 12. Ndxc4 Nd7 13. Nd3
1/2-1/2

[Event "57th ch-RUS Qualifier"]
[Site "Tomsk RUS"]
[Date "2004.05.24"]
[Round "2"]
[White "Korotylev,A"]
[Black "Maletin,P"]
[Result "1-0"]
[WhiteElo "2565"]
[BlackElo "2423"]
[EventDate "2004.05.23"]

1. d4 Nf6 2. Nf3 e6 3. Bg5 h6 4. Bh4 d6 5. e3 Nbd7 6. c4 g5 7. Bg3 Nh5 8.
Nc3 Bg7 9. Qc2 O-O 10. O-O-O f5 11. Bd3 Qe7 12. h4 g4 13. Ng1 c5 14. Nge2
Nxg3 15. fxg3 Nb8 16. Nf4 cxd4 17. exd4 Bxd4 18. Ng6 Qg7 19. Nxf8 Kxf8 20.
Nb5 Bc5 21. Bxf5 exf5 22. Nxd6 Bxd6 23. Rxd6 Nc6 24. Qd2 Kg8 25. Re1 Ne7
26. Qe3 1-0

[Event "57th ch-RUS Qualifier"]
[Site "Tomsk RUS"]
[Date "2004.05.25"]
[Round "3"]
[White "Smirnov,P"]
[Black "Kornev,Alexe"]
[Result "1/2-1/2"]
[WhiteElo "2601"]
[BlackElo "2582"]
[EventDate "2004.05.23"]

1. e4 c6 2. d4 d5 3. Nc3 dxe4 4. Nxe4 Bf5 5. Ng3 Bg6 6. h4 h6 7. Nf3 e6 8.
Ne5 Bh7 9. Bd3 Bxd3 10. Qxd3 Nd7 11. f4 Bb4+ 12. c3 Be7 13. Bd2 Ngf6 14.
O-O-O c5 15. Be3 Qc7 16. Nxd7 Qxd7 17. dxc5 Qa4 18. Kb1 Rd8 19. Qe2 Rxd1+
20. Rxd1 O-O 21. Bd4 Rd8 22. f5 e5 23. b3 Qc6 24. Bxe5 Rxd1+ 25. Qxd1 Qxg2
26. b4 Nd5 27. Qd4 Nf6 28. Qf4 Nd5 29. Qg4 Bf6 30. Bxf6 Nxf6 31. Qf4 Kh7
32. Qe3 Ng4 33. Qf4 Nf2 34. Qd6 Ng4 35. Qf4 Nf6 36. a3 a5 37. a4 Qc6 38.
Kb2 axb4 39. cxb4 Qxa4 40. Qc4 Qc6 41. Ne2 Qg2 42. Kb3 Ne4 43. Qd3 Nf2 44.
Nf4 Qh1 45. Qe3 Qb1+ 46. Kc4 Nd1 47. Qd2 Qe4+ 48. Kb5 Ne3 49. Qd6 Nxf5 50.
Qc7 Ne7 51. Qd7 Nf5 52. Qc7 Ne3 53. Kb6 Qxb4+ 54. Ka7 Nc4 55. Nd5 Qb5 56.
Kb8 Qe8+ 57. Kxb7 Qe4 58. Qxf7 Ne3 59. Kc6 Qa4+ 60. Kd6 Nc4+ 61. Ke7 Qa7+
62. Ke6 Qa6+ 63. Kf5 Qc6 64. Kf4 Na5 65. Ne7 Qc7+ 66. Kf3 Qd8 67. Qg6+ Kh8
68. Qd6 Qf8+ 69. Kg4 Qf7 70. h5 Qc4+ 71. Kf5 Qf7+ 72. Ke4 Qc4+ 73. Kf3 Qf1+
74. Ke4 Qh1+ 75. Kd4 Qd1+ 76. Ke4 Qe2+ 77. Kf4 Qh2+ 78. Kg4 Qe2+ 79. Kg3
1/2-1/2

[Event "57th ch-RUS Qualifier"]
[Site "Tomsk RUS"]
[Date "2004.05.25"]
[Round "3"]
[White "Kobalia,M"]
[Black "Khismatullin,D"]
[Result "0-1"]
[WhiteElo "2630"]
[BlackElo "2537"]
[EventDate "2004.05.23"]

1. e4 c5 2. Nf3 d6 3. d4 cxd4 4. Nxd4 Nf6 5. Nc3 a6 6. Be3 e5 7. Nb3 Be6 8.
f3 Nbd7 9. g4 Nb6 10. g5 Nh5 11. Qd2 Be7 12. O-O-O O-O 13. Kb1 Rc8 14. Rg1
g6 15. h4 Qc7 16. Qf2 Bd8 17. Bd3 f6 18. gxf6 Rxf6 19. Nd2 Kh8 20. Rh1 Nf4
21. Bxf4 Rxf4 22. Ne2 Rf8 23. Rdf1 Na4 24. Nb3 Bf6 25. Qe3 b5 26. Rfg1 Qf7
27. Rf1 Nc5 28. Nbc1 Nxd3 29. cxd3 Qe7 30. Qh6 b4 31. Rfg1 Qf7 32. Qd2 a5
33. d4 d5 34. h5 g5 35. dxe5 Bxe5 36. Rxg5 Bf6 37. Rgg1 dxe4 38. Nf4 Qd7
39. Qxd7 Bxd7 40. fxe4 Rc4 41. Nd5 Rxe4 42. Rf1 Re6 43. Nxf6 Rexf6 44. Rd1
Bf5+ 45. Ka1 Be4 46. Rhg1 Bf3 47. Rde1 Bxh5 48. Nb3 Rf5 49. Nd4 Rd5 50. Nc6
Rc5 51. Nd4 Rc4 52. Ne6 Rf2 53. Re5 Bf7 54. Rd1 h6 55. Nd8 Bg6 56. Ne6 Rc8
57. Rg1 Re8 58. b3 Rf6 59. Rge1 Bf7 60. Nd4 Bg6 61. a3 Rf4 62. Nc6 Rf1 63.
Kb2 Rf2+ 64. Ka1 a4 65. Ne7 Rf1 66. Ka2 Rf2+ 67. Ka1 Bh7 68. R5e3 Rf1 69.
Ka2 Rf2+ 70. Ka1 axb3 71. Rxb3 Rf1 72. Kb2 Rxe1 73. Ka2 R8xe7 74. Rh3 Kg7
75. axb4 Be4 76. Kb3 Kg6 77. b5 h5 78. Kb4 Kg5 79. Kc5 Re6 80. Re3 h4 81.
Rh3 Kf4 82. b6 Rh6 83. Rb3 Bg2 84. b7 h3 0-1

[Event "57th ch-RUS Qualifier"]
[Site "Tomsk RUS"]
[Date "2004.05.25"]
[Round "3"]
[White "Khairullin,I"]
[Black "Sorokin,M"]
[Result "1/2-1/2"]
[WhiteElo "2481"]
[BlackElo "2583"]
[EventDate "2004.05.23"]

1. d4 Nf6 2. c4 e6 3. Nc3 Bb4 4. Qc2 O-O 5. Bg5 c5 6. e3 h6 7. Bh4 cxd4 8.
exd4 b6 9. Bd3 Bb7 10. f3 Nc6 11. Nge2 Be7 12. a3 d5 13. Bf2 dxc4 14. Bxc4
Rc8 15. Ba2 b5 16. O-O b4 17. axb4 Nxb4 18. Qb3 Ba6 19. Bb1 Qd7 20. Re1 Bd3
21. d5 Bxb1 22. dxe6 Qxe6 23. Qxe6 fxe6 24. Rexb1 a6 25. Nf4 1/2-1/2

[Event "57th ch-RUS Qualifier"]
[Site "Tomsk RUS"]
[Date "2004.05.25"]
[Round "3"]
[White "Dvoirys,S"]
[Black "Yagupov,I"]
[Result "1-0"]
[WhiteElo "2612"]
[BlackElo "2441"]
[EventDate "2004.05.23"]

1. e4 c5 2. Nf3 Nc6 3. d4 cxd4 4. Nxd4 Nf6 5. Nc3 e5 6. Ndb5 d6 7. Bg5 a6
8. Na3 b5 9. Bxf6 gxf6 10. Nd5 f5 11. c3 Bg7 12. exf5 Bxf5 13. Nc2 O-O 14.
Be2 Be6 15. Qd2 Bxd5 16. Qxd5 Ne7 17. Qd2 d5 18. O-O f5 19. a4 bxa4 20.
Rxa4 a5 21. Kh1 Rc8 22. f4 e4 23. Rfa1 Rc5 24. Nd4 Qb6 25. b4 axb4 26. Rxb4
Qf6 27. Ra6 Qh4 28. g3 Qh3 29. Rb7 Rfc8 30. Rxe7 Rxc3 31. Rxg7+ Kxg7 32.
Ne6+ Kg8 33. Qxc3 1-0

[Event "57th ch-RUS Qualifier"]
[Site "Tomsk RUS"]
[Date "2004.05.25"]
[Round "3"]
[White "Yandemirov,V"]
[Black "Lastin,A"]
[Result "1/2-1/2"]
[WhiteElo "2494"]
[BlackElo "2622"]
[EventDate "2004.05.23"]

1. e4 c6 2. d4 d5 3. Nd2 dxe4 4. Nxe4 Bf5 5. Ng3 Bg6 6. h4 h6 7. Nf3 Nd7 8.
h5 Bh7 9. Bd3 Bxd3 10. Qxd3 e6 11. Bf4 Qa5+ 12. Bd2 Bb4 13. Ne4 Ngf6 14.
Nd6+ Ke7 1/2-1/2

[Event "57th ch-RUS Qualifier"]
[Site "Tomsk RUS"]
[Date "2004.05.25"]
[Round "3"]
[White "Gajsin,E"]
[Black "Shariyazdanov,A"]
[Result "1/2-1/2"]
[WhiteElo "2404"]
[BlackElo "2575"]
[EventDate "2004.05.23"]

1. e4 c5 2. Nf3 Nc6 3. d4 cxd4 4. Nxd4 e5 5. Nb5 d6 6. a4 Be7 7. N1c3 a6 8.
Na3 Be6 9. Nc4 Nf6 10. Be3 Nxe4 11. Nxe4 d5 12. Nb6 dxe4 13. Nxa8 Qxa8 14.
a5 O-O 15. c3 f5 16. Qa4 Kh8 17. Bc4 Bd7 18. O-O Qe8 19. Bb6 f4 20. Rad1 f3
21. Rxd7 Qxd7 22. Rd1 Qg4 23. g3 Bg5 24. Bf1 Qf5 25. Re1 Bd2 26. Rxe4 Nd4
27. Bd3 Qh3 28. Bf1 Qf5 29. Qb4 Rc8 30. Bd3 Qh3 31. Bf1 Qf5 32. Bd3 Qh3 33.
Bf1 Qf5 1/2-1/2

[Event "57th ch-RUS Qualifier"]
[Site "Tomsk RUS"]
[Date "2004.05.25"]
[Round "3"]
[White "Bocharov,D"]
[Black "Novikov,Ma"]
[Result "1-0"]
[WhiteElo "2567"]
[BlackElo "2426"]
[EventDate "2004.05.23"]

1. d4 d5 2. c4 e6 3. Nf3 Nf6 4. Nc3 c6 5. Bg5 h6 6. Bh4 dxc4 7. e4 g5 8.
Bg3 b5 9. Be2 Bb7 10. h4 g4 11. Ne5 Nbd7 12. Nxg4 Nxg4 13. Bxg4 Bg7 14. O-O
b4 15. Na4 Qe7 16. Be2 Rd8 17. Bxc4 Ne5 18. Be2 Rxd4 19. Qc2 Nd7 20. Rfd1
c5 21. e5 Be4 22. Bd3 Bc6 23. f4 Bf8 24. Bf1 Nb6 25. Rxd4 Nxa4 26. Rd2 Rg8
27. Bf2 Rg4 28. Rad1 h5 29. Qd3 f5 30. exf6 Qxf6 31. Qh7 1-0

[Event "57th ch-RUS Qualifier"]
[Site "Tomsk RUS"]
[Date "2004.05.25"]
[Round "3"]
[White "Belozerov,A"]
[Black "Filippov,Va"]
[Result "0-1"]
[WhiteElo "2552"]
[BlackElo "2639"]
[EventDate "2004.05.23"]

1. e4 c5 2. Nf3 Nc6 3. d4 cxd4 4. Nxd4 Nf6 5. Nc3 e5 6. Ndb5 d6 7. Nd5 Nxd5
8. exd5 Nb8 9. c4 a6 10. Nc3 Be7 11. Bd3 O-O 12. O-O f5 13. f3 Bg5 14. Kh1
Nd7 15. b4 a5 16. a3 axb4 17. Bxg5 Qxg5 18. axb4 Rxa1 19. Qxa1 Qe3 20. Be2
Nb8 21. Qc1 Qb6 22. Qa3 Na6 23. Rb1 Qf2 24. Qb2 Bd7 25. Bf1 Qd4 26. Rd1 Qb6
27. Rb1 e4 28. f4 Qe3 29. Ne2 Rc8 30. Ng3 g6 31. Qf6 Qxf4 32. Qe7 Nb8 33.
c5 Re8 34. Qf6 Qe5 35. Qh4 f4 0-1

[Event "57th ch-RUS Qualifier"]
[Site "Tomsk RUS"]
[Date "2004.05.26"]
[Round "4"]
[White "Korotylev,A"]
[Black "Smirnov,P"]
[Result "1-0"]
[WhiteElo "2565"]
[BlackElo "2601"]
[EventDate "2004.05.23"]

1. e4 c5 2. Nf3 Nc6 3. c3 Nf6 4. e5 Nd5 5. d4 cxd4 6. cxd4 d6 7. Bc4 Nb6 8.
Bb5 dxe5 9. Nxe5 Bd7 10. Nxd7 Qxd7 11. Nc3 e6 12. O-O Be7 13. Qg4 O-O 14.
Bxc6 bxc6 15. Bh6 Bf6 16. Rfd1 Rfd8 17. Ne4 Qe7 18. Rac1 Kh8 19. Bg5 Bxg5
20. Qxg5 Qb4 21. Qh5 f6 22. Qc5 Qa4 23. Nc3 Qc4 24. Qxc4 Nxc4 25. Na4 Nb6
26. Nc5 Rd6 27. Nb7 Rd7 28. Na5 h6 29. Kf1 Rad8 30. Re1 Nd5 31. Nxc6 Rc8
32. Na5 Rxc1 33. Rxc1 Nb4 34. Rc4 Nxa2 35. Ke2 Rd5 36. Nc6 e5 37. dxe5 fxe5
38. Nxa7 e4 39. Nc6 Rd3 40. Rxe4 Nc1+ 41. Ke1 Rd6 42. Ne5 Kh7 43. Rc4 Nb3
44. Rc3 Rb6 45. Ke2 Nd4+ 46. Kd3 Ne6 47. Kc2 Nd4+ 48. Kb1 Nb3 49. f4 Nd4
50. g3 Nb3 51. Rc6 Rb8 52. Rd6 Rc8 53. h4 Ra8 54. Rd5 Rc8 55. h5 Nc5 56.
Rd4 Nb3 57. Rd1 Ra8 58. Kc2 Rb8 59. Kc3 Nc5 60. Rd4 Rc8 61. Kb4 Na6+ 62.
Ka5 Nc5 63. Rc4 Nb3+ 64. Kb4 Rb8+ 65. Kc3 Nc1 66. Kd2 Nb3+ 67. Kc2 Na1+ 68.
Kb1 Nb3 69. Nf3 Na5 70. Rc3 Nb3 71. Ka2 Na5 72. Nd4 Rb6 73. Rc7 Kh8 74. Ka3
Rd6 75. Nf5 Rb6 76. Ne7 Kh7 77. b4 Nb7 78. Nf5 1-0

[Event "57th ch-RUS Qualifier"]
[Site "Tomsk RUS"]
[Date "2004.05.26"]
[Round "4"]
[White "Galkin,A"]
[Black "Dvoirys,S"]
[Result "0-1"]
[WhiteElo "2602"]
[BlackElo "2612"]
[EventDate "2004.05.23"]

1. e4 c5 2. Nf3 d6 3. d4 cxd4 4. Nxd4 Nf6 5. Nc3 a6 6. Be2 e5 7. Nb3 Be7 8.
Be3 Be6 9. Nd5 Nbd7 10. Qd3 Bxd5 11. exd5 O-O 12. O-O Nb6 13. c4 a5 14.
Rac1 a4 15. Nd2 Nfd7 16. Qa3 f5 17. f4 exf4 18. Rxf4 Bg5 19. Rf2 Re8 20.
Rc3 Bxe3 21. Rxe3 Qg5 22. Rxe8+ Rxe8 23. Bd3 Nc5 24. Bxf5 Nxc4 25. Qf3 Re1+
26. Nf1 Ne5 27. Qc3 Rc1 28. Qa5 g6 29. Qa8+ Kg7 30. Be6 Qe7 31. Qg8+ Kh6
32. Qh8 Ne4 33. Rf4 Nd2 34. h4 Rxf1+ 35. Rxf1 Nxf1 36. Kxf1 Qxh4 37. Qf8+
Kh5 38. Qxd6 Qf4+ 39. Ke2 Qe4+ 40. Kf2 Qd4+ 41. Kf1 Qxb2 42. Qe7 Qc1+ 43.
Ke2 Qc4+ 44. Ke3 Qd3+ 45. Kf2 Qd2+ 46. Kf1 Qf4+ 47. Ke2 Kh6 48. g4 Qe4+ 49.
Kd2 Nf3+ 50. Kc1 Qe3+ 51. Kb2 b5 52. a3 Qf2+ 53. Ka1 Nd4 0-1